120 WPM Fast Typing Test - Statistics

General Stats
  • This quiz has been taken 362 times
  • The average score is 10 of 22
Answer Stats
Hint Answer % Correct
If you are wondering why this test is two minutes long, If you are wondering why this test is two minutes long,
100%
you should stop wondering and start typing. you should stop wondering and start typing.
92%
While the modern keyboard is designed to be used with all five fingers on both hands, While the modern keyboard is designed to be used with all five fingers on both hands,
87%
less than half of keyboard users actually use all their fingers to type. less than half of keyboard users actually use all their fingers to type.
79%
Some say that the fastest typist ever reached a peak Some say that the fastest typist ever reached a peak
74%
speed of two hundred and sixteen words per minute. speed of two hundred and sixteen words per minute.
73%
To achieve this, a typist must learn to touch type, To achieve this, a typist must learn to touch type,
68%
which involves typing with all ten fingers minus the left thumb which involves typing with all ten fingers minus the left thumb
56%
without looking at the keyboard. without looking at the keyboard.
53%
Less than twenty percent of typists are capable of touch typing, Less than twenty percent of typists are capable of touch typing,
46%
which is a part of the reason why the average typing which is a part of the reason why the average typing
40%
speed is only around forty words per minute! speed is only around forty words per minute!
37%
If you have made it this far, you are doing well above average! If you have made it this far, you are doing well above average!
29%
At this point you have reached seventy words per minute, At this point you have reached seventy words per minute,
27%
which will be fast enough to get you qualified for a typing job! which will be fast enough to get you qualified for a typing job!
25%
If you can type beyond this, you’re probably a gamer, coder or genius. If you can type beyond this, you’re probably a gamer, coder or genius.
21%
By the way, the results and averages of this test By the way, the results and averages of this test
18%
will most likely not reflect the average seen in the general population, will most likely not reflect the average seen in the general population,
10%
but making it to one hundred words per minute is impressive! but making it to one hundred words per minute is impressive!
8%
and even less can sustain this speed for two entire minutes! and even less can sustain this speed for two entire minutes!
7%
Less than one percent of people can type at one hundred words per minute, Less than one percent of people can type at one hundred words per minute,
5%
You have now typed one hundred and twenty words per minute! You have now typed one hundred and twenty words per minute!
5%
No matching quizzes found
Score Distribution
Percent of People with Each Score
Percentile by Number Answered
Your Score History
You have not taken this quiz